000 00958nam a2200265Ia 4500
003 OSt
005 20221005111231.0
006 a|||||r|||| 00| 0
007 ta
008 221004b |||||||| |||| 00| 0 hin d
020 _a8170555329 (hbk)
_c195
024 _a7083
037 _b93, 05/09/2013, Vani Prakashan
_cTextual
040 _aCRL
_cCRL
_bhin
041 _2hin
_ahin
082 _aO152,4x, N7
100 _aशर्मा, रामविलास, संपा.
245 0 _aतीन महारथियों के पत्र
246 _aTīn mahārathiyoan ke patra
260 _aनई दिल्ली
_bवाणी प्रकाशन भारत
_c1997
300 _a216पृ0
_ccm.
650 _aहिन्दी साहित्य
942 _hO152,4x, N7
_cTEXL
_2cc
999 _c1021221
_d1021221